Highest Rated Albums of 2017 (AOTY) - Statistics

General Stats
  • This quiz has been taken 5 times
  • The average score is 12 of 50
Answer Stats
# Artist Answer Genres % Correct
7 Kendrick Lamar DAMN. Conscious Hip Hop, West Coast Hip Hop
100%
6 Tyler, The Creator Flower Boy West Coast Hip Hop, Neo-Soul
100%
46 Vince Staples Big Fish Theory Experimental Hip Hop, West Coast Hip Hop, Hardcore Hip Hop
75%
15 SZA Ctrl Alternative R&B, Neo-Soul
75%
18 BROCKHAMPTION SATURATION II Pop Rap, West Coast Hip Hop
75%
24 JAY-Z 4:44 East Coast Hip Hop, Conscious Hip Hop
50%
4 Big K.R.I.T. 4eva Is a Mighty Long Time Southern Hip Hop
50%
1 Mount Eerie A Crow Looked at Me Singer-Songwriter, Indie Folk
50%
30 The Caretaker Everywhere at the End of Time: Stage 2 Turntable Music, Ambient, Hauntology
50%
19 The Caretaker Everywhere at the End of Time: Stage 3 Ambient, Turntable Music, Hauntology
50%
2 Lorde Melodrama Alt-Pop, Synthpop
50%
21 Charli XCX Pop 2 Bubblegum Bass, Electropop, Hyperpop
50%
48 Father John Misty Pure Comedy Singer-Songwriter, Chamber Pop, Piano Rock
50%
12 BROCKHAMPTON SATURATION III Pop Rap, West Coast Hip Hop
50%
33 JONGHYUN The Collection "Story Op.2" K-Pop, Contemporary R&B, Adult Contemporary
50%
13 Lingua Ignota ALL BITCHES DIE Death Industrial, Neoclassic Darkwave
25%
8 al.divino DUMP GAWD: DIVINO EDITION Abstract Hip Hop, East Coast Hip Hop, Hardcore Hip Hop
25%
22 Mach-Hommy Dump Gawd: Hommy Edition Drumless, East Coast Hip Hop, Abstract Hip Hop, Hardcore Hip Hop
25%
5 Mach-Hommy Dumpmeister Abstract Hip Hop, East Coast Hip Hop, Harcore Hip Hop
25%
20 goreshit Goretrance X Happy Hardcore, Mashcore
25%
47 Lingua Ignota LET THE EVIL OF HIS OWN LIPS COVER HIM Neoclassical Darkwave
25%
28 Bell Witch Mirror Reaper Funeral Doom Metal
25%
44 Sidney Gish No Dogs Allowed Bedroom Pop, Twee Pop, Singer-Songwriter
25%
39 King Gizzard & The Lizard Wizard Polygondwanaland Psychedelic Rock, Progressive Rock
25%
25 Standing On The Corner Red Burns Sound Collage, Neo-Soul
25%
26 Rina Sawayama RINA Electropop, Contemporary R&B
25%
45 Alvvays Antisocialites Indie Pop, Jangle Pop, Dream Pop
0%
37 Fleet Foxes Crack-Up Progressive Folk, Chamber Folk
0%
16 LUCKI Days Be4 Storm Cloud Rap, Trap
0%
41 Movements Feel Something Post-Hardcore, Emo
0%
40 Gang of Youths Go Farther in Lightness Indie Rock, Chamber Pop, Big Music
0%
35 Psychedelic Porn Crumpets High Visceral (Part 2) Psychedelic Rock, Heavy Psych
0%
49 Dazey and the Scouts Maggot Queercore, Surf Punk, Indie Rock
0%
43 Amenra Mass VI Atmospheric Sludge Metal
0%
31 LOONA / ODD EYE CIRCLE Mix & Match Electropop, K-Pop, Dance-Pop
0%
50 Neil Cicierega Mouth Moods Mashup, Comedy
0%
29 Natalia Lafourcade Musas, Vol. 1 Traditional Folk Music
0%
38 Perfume Genius No Shape Art Pop, Chamber Pop
0%
23 Low Roar Once in a Long, Long While Indietronica, Dream Pop
0%
17 Sampha Process Alternative R&B, Neo-Soul
0%
32 niLL Regina Abstract Hip Hop, Trap
0%
27 Brand New Science Fiction Indie Rock, Emo, Alternative Rock
0%
14 KikuoHana Second Act Art Pop, Electronic
0%
9 Lil Supa SERIO Jazz Rap, Latin Rap, Boom Bap
0%
11 Death Grips Steroids (Crouching Tiger Hidden Gabber Megamix) Industrial Hip Hop, Hardcore Hip Hop, Experimental Hip Hop
0%
36 Phoebe Bridgers Stranger in the Alps Indie Folk, Singer-Songwriter
0%
10 Kelela Take Me Apart Alternative R&B, UK Bass
0%
3 Mach-Hommy The G.A.T ... Jazz Rap, Conscious Hip Hop, East Coast Hip Hop
0%
42 Yorushika The Summer Grass Is Getting in My Way Pop Rock, Power Pop, J-Pop
0%
34 Ne Obliviscaris Urn Progressive Metal, Progressive Death Metal, Melodic Death Metal
0%
No matching quizzes found
Score Distribution
Percent of People with Each Score
Percentile by Number Answered
Your Score History
You have not taken this quiz